1979 1256 1084 1738 1619 1873 1592 1208 1140 1584 1075 1693 1257 1275 1372 1844 1363 1075 1954 1671 1048 1632 1314 1728 1615 1153 1163 1616 1025 1153 1642 1748 1096 1454 1638 1622 1668 1327 1095 1436 1368 1401 1435 1952 1909 1857 1101 1556 1429 1249 1135 1753 1125 1785 1136 1932 1811 1035 1349 1705 1091 1808 1167 1392 1374 1663 1512 1313 1497 1859 1319 1137 1123 1375 1160 1731 1642 1445 1903 1405 1477 1787 1484 1626 1197 1615 1275 1647 1926 1872 1101 1337 1141 1552 1618 1321 1025 1083 1207 BCNSPRNW ULIB Ver.6.0+V

เปลี่ยนเป็นภาษาไทย

Change to English
 แสดงรายละเอียดบรรณานุกรม
  กลับหน้าหลัก

Brief Record : Get Marc (ISO 2709) : E-mail record : QR code < ปิดหน้าต่าง
LEADER : 00000nam 2200000uu 4500
001    13399124533
003     ULIB
008    150827s2004||||th 000 0 tha d
020    ^a0781757673 (hardcover) ^c^57.95
020    ^a9780781757676 (hardcover)
060  4 WY86^bM519t
100 1  ^aFAAN, Afaf Ibrahim Meleis PhD
245 10 ^aTheoretical nursing, revised reprint : ^bdevelopment and progress / ^cAfaf Ibrahim Meleis PhD FAAN.
250    ^aThird ed.
260    ^a[S.l.] : ^bLippincott Williams & Wilkins, ^c2004.
300    ^a752 p. ; ^c23 cm.
520    ^aThis text provides a comprehensive developmental and historical review of nursing theory. The book offers a contemporary analysis of the evolution of nursing and represents the degree to which many scholars view the focus and mission of nursing as a discipline through the development of its theoretical base. This revised reprint of the Third Edition has updated material in the chapter on Analysis of Theoretical Writing in Nursing. The chapter on Metatheory and Theory Bibliography has been updated and expanded. Tables and figures have been added to enhance visual understanding of concepts.
945    ^p0^l0^i016901
999    ^aเกษร โพธิ์สุวรรณ
รายการนี้ยังไม่มีแท็ก
คุณยังไม่ได้ล็อกอิน คุณสามารถมีกิจกรรมร่วมกับเว็บไซต์ได้ แต่ต้องล็อกอินก่อน ::
  ล็อกอิน

รายการสื่อสารสนเทศ

ลำดับที่ ประเภท เลขเรียก/บาร์โค้ด สถานที่ สถานะ
1. Book การพยาบาล
Book การพยาบาล
WY86 M519t ฉ.1 
  Barcode: 016901
ห้องสมุดวิทยาเขตสวรรค์ประชารักษ์
►หนังสือทั่วไป
บนชั้น

BibComment


ยังไม่เคยถูกคอมเมนท์

คอมเมนท์ทรัพยากรรายการนี้
  คอมเมนท์: Theoretical nurs..


 Copyright 2026. Bcnsprnw @Library